|
|
|
|
| LEADER |
00000csc a2200000 a 4500 |
| 001 |
4579 |
| 003 |
Ucuenca |
| 005 |
20230926062555.0 |
| 008 |
000000|1909 sp ||||||||r|||||||||||spa|| |
| 040 |
|
|
|b spa
|
| 041 |
0 |
|
|a spa
|
| 082 |
0 |
|
|a 972.02
|
| 100 |
1 |
|
|a Zorita, Alonso de
|9 190775
|
| 245 |
|
|
|a Historia de la Nueva España
|c Alonso de Zorita
|h imp
|
| 264 |
|
|
|a Madrid
|b Librería General de Victoriano Suárez
|c 1909
|
| 300 |
|
|
|a 534 páginas:
|c 20 cm
|
| 490 |
|
|
|a Libros y documentos referentes a la historia de América
|v tomo 9
|
| 504 |
|
|
|a incl. ref.
|
| 650 |
|
|
|a Nueva españa
|9 13101
|
| 650 |
|
4 |
|a Mesoamérica
|9 59099
|
| 650 |
|
4 |
|a México
|9 1317
|
| 852 |
|
|
|a UC-CDJBV
|f Compra
|l 1
|m Limitada
|p 00000000
|q 8,00
|t 4579
|b 1
|d CDRC
|e CDRC
|g 972.02 ESTANTERIA CERRADA
|z 0000-00-00
|
| 942 |
|
|
|
| 999 |
|
|
|c 114699
|d 114699
|